| Tag |
First Indicator |
Second Indicator |
Subfields |
| LEADER |
00000cgm a2200000Mi 4500 |
| 001 |
in00005534521 |
| 006 |
m o c |
| 007 |
cr |n|---||a|a |
| 007 |
vz |zazu| |
| 008 |
080405s2004 nyu052 g o vueng d |
| 005 |
20241201225430.4 |
| 035 |
|
|
|a (OCoLC)ocn747796509
|
| 040 |
|
|
|a ALSTP
|b eng
|e pn
|c ALSTP
|d OCLCQ
|d UV0
|d UAB
|d OCLCQ
|d OCLCO
|d OCLCF
|d OCLCO
|d OCLCQ
|d IAA
|d WYU
|d UHL
|d OCLCO
|d OCLCQ
|d LUU
|d OCLCO
|d OCLCL
|d OCLCQ
|d OCLCL
|d MNU
|d OCLCQ
|d OCLCO
|d OCLCQ
|
| 019 |
|
|
|a 780750205
|a 1087374962
|a 1113693724
|a 1373425504
|a 1430873387
|a 1443946862
|
| 035 |
|
|
|a (OCoLC)747796509
|z (OCoLC)780750205
|z (OCoLC)1087374962
|z (OCoLC)1113693724
|z (OCoLC)1373425504
|z (OCoLC)1430873387
|z (OCoLC)1443946862
|
| 041 |
1 |
|
|a eng
|p eng
|
| 043 |
|
|
|a a-cc---
|
| 050 |
|
4 |
|a PN1200eb
|
| 082 |
0 |
4 |
|a 391.4130951
|q OCoLC
|2 22/eng/20230216
|
| 049 |
|
|
|a TXAM
|
| 100 |
1 |
|
|a Joani, Tang Yuen Mei.
|
| 245 |
1 |
0 |
|a Chinese foot binding :
|b the vanishing lotus /
|c by Tang Yuen Mei Joani and Fung Wing Chuen Tely.
|
| 264 |
|
1 |
|a New York, NY :
|b Filmakers Library,
|c 2004.
|
| 300 |
|
|
|a 1 online resource (52 min.)
|
| 306 |
|
|
|a 005205
|
| 336 |
|
|
|a two-dimensional moving image
|b tdi
|2 rdacontent
|
| 337 |
|
|
|a computer
|b c
|2 rdamedia
|
| 338 |
|
|
|a online resource
|b cr
|2 rdacarrier
|
| 341 |
0 |
|
|a auditory
|b captions
|2 sapdv
|
| 347 |
|
|
|a data file
|2 rda
|
| 532 |
1 |
|
|a Closed captioning in English
|
| 520 |
|
|
|a A pair of small feet -- three-inch golden lilies -- were once the male-designated yardstick for feminine beauty in China. A young girl s feet were broken and bound inwards along the instep, a process that caused excruciating pain. Systematically bound, day after day, the stunted feet began to take on the coveted look of that profoundly sensuous image, the lotus bulb. Today there are fewer than 400 women with bound feet among the 1.25 billion people of China. Most of them are over 80 years old. Some of these women tell us of the event that branded their lives with its singular mark. Once an erotic symbol of beauty and eligibility, the bound foot confronts us with a custom that subjugated women to a brutal beauty myth.
|
| 521 |
|
|
|a For College; Adult audiences.
|
| 546 |
|
|
|a English.
|
| 588 |
0 |
|
|a Print version record.
|
| 586 |
|
|
|a Association for Asian Studies, 2009
|
| 650 |
|
0 |
|a Footbinding
|z China.
|
| 650 |
|
6 |
|a Bandage des pieds
|z Chine.
|
| 650 |
|
7 |
|a Footbinding
|2 fast
|
| 651 |
|
7 |
|a China
|2 fast
|1 https://id.oclc.org/worldcat/entity/E39PBJdCqh8h6hJY7PT6MQW4bd
|
| 653 |
|
0 |
|a Women's issues
|
| 655 |
|
0 |
|a Documentary.
|
| 655 |
|
4 |
|a Streaming videos.
|
| 655 |
|
7 |
|a documentary film.
|2 aat
|
| 655 |
|
7 |
|a Video recordings for the hearing impaired.
|2 lcgft
|
| 655 |
|
7 |
|a Documentary films.
|2 lcgft
|
| 655 |
|
7 |
|a Vidéos pour personnes handicapées auditives.
|2 rvmgf
|
| 655 |
|
7 |
|a Documentaires.
|2 rvmgf
|
| 700 |
1 |
|
|a Tely, Fung Wing.
|
| 830 |
|
0 |
|a Filmakers Library online.
|
| 856 |
4 |
0 |
|u http://proxy.library.tamu.edu/login?url=https://www.aspresolver.com/aspresolver.asp?AVN2;1784601
|z Connect to this streaming video (Alexander Street Press)
|t 0
|
| 955 |
|
|
|a Alexander Street Press subscription streaming video
|
| 994 |
|
|
|a 92
|b TXA
|
| 999 |
f |
f |
|s 03f6c505-c4b0-4130-a6c6-59059bce004d
|i b94a6300-308b-4bf9-8e5f-ce184398455d
|t 0
|
| 952 |
f |
f |
|a Texas A&M University
|b College Station
|c Electronic Resources
|d Available Online
|t 0
|e PN1200eb
|h Library of Congress classification
|
| 998 |
f |
f |
|a PN1200eb
|t 0
|l Available Online
|